| 000 | 00579nam a2200169 a 4500 | ||
|---|---|---|---|
| 001 | 000022149 | ||
| 005 | 20200930011613.0 | ||
| 008 | 100917s2000 dr a 001 0 spa d | ||
| 040 |
_aDO-SdBNP _bspa _cBNPHU |
||
| 082 |
_axxxx _bM844c |
||
| 100 | 1 |
_aMoreta Feliz, Adolfo _945849 |
|
| 245 | 1 | 4 |
_aLos comesolos : _b(los chichiguaos) en la derrota del PLD / _cAdolfo Moreta Feliz. |
| 246 | 1 | 4 |
_aLos comesolos: _b(los chichiguaos) origen, evolución, análisis y efectos políticos |
| 260 |
_aSanto Domingo : _bEditora Centenario, _c2000. |
||
| 300 |
_a77 P. ; _c18 cm. |
||
| 049 | _aBNPD | ||
| 999 |
_c21647 _d21647 |
||